000 00361nmm a2200133Ia 4500
008 251105s9999||||xx |||||||||||||||||und||
041 _acat
100 _aBaró, Santi
245 0 _aInforme Ahnenerbe
264 _a[Madrid, España] :
_bEdiciones B,
_c2016
300 _a279 páginas
856 _uhttps://public.digitaliapublishing.com/a/53692
942 _cCF
999 _c106194
_d106194